MARC

LEADER 00000nam0a2200000 4500
001 375100
005 20231102012715.0
035 |a (RuTPU)RU\TPU\retro\32535 
035 |a RU\TPU\book\315142 
090 |a 375100 
100 |a 20221220d1985 m y0rusy50 ca 
101 0 |a rus 
102 |a UA 
105 |a a z 000zy 
200 1 |a Шаги по вертикали. Записки альпиниста  |f С. Бершов 
210 |a Киев  |c Молодь  |d 1985 
215 |a 142 с.  |c ил. 
606 |a Альпинистские походы  |2 stltpush  |3 (RuTPU)RU\TPU\subj\1855  |9 30520 
610 1 |a спортивная литература 
610 1 |a альпинизм 
610 1 |a альпинистские маршруты 
610 1 |a альпинисты 
610 1 |a Гималаи 
610 1 |a горы 
675 |a 796.52  |v 4 
700 1 |a Бершов  |b С.  |g Сергей  |4 070 
801 1 |a RU  |b 63413507  |c 20150407 
801 2 |a RU  |b 63413507  |c 20221220  |g RCR 
942 |c BK